000 01255nam a2200289 i 4500
003 DO-SdBNP
005 20251127122916.0
007 ta
008 250923b2011 dr ||||| |||| 00| 0 spa d
020 _a9789945473520
040 _aDO-SdBNP
_bspa
_cBNPHU
_erda
041 _aspa
082 4 _aRD863.44
_bG277t
_222
100 _aGautier, Manuel Salvador,
_d1930-2021
_4aut.
_929016
_eautor
245 1 4 _aTres cosas te ofrezco /
_cManuel Salvador Gautier ; corrección de estilo, Manuel Campos Navarro.
264 _aSanto Domingo, República Dominicana :
_bEditorial Santuario,
_c2011.
300 _a198 páginas ;
_c23 cm.
336 _atexto
_btxt
_2rdacontent
337 _asin mediación
_bn
_2rdamedia
338 _avolumen
_bnc
_2rdacarrier
500 _aIncluye datos biográficos del autor en la solapa de la cubierta.
505 _aDeportado, 13 -- Acomodo, 23 -- Intríngulis, 33 -- Toques, 43 -- Mientras, 55 -- Guagua, 79 -- Motoconcho, 89 -- Problemas, 103 -- Signos, 115 -- Aclaraciones, 137 -- Din Din Don, 147 -- Posicionamiento, 159 -- Pendiente, 173 -- Glosario de palabras y frases extranjeras, 193
590 _aInventariado, 2025 /LP
650 4 _aNovela dominicana
_9223
650 _aLiteratura dominicana
942 _2ddc
_cLBS1
999 _c59900
_d59900